MARC details
| 000 -CABECERA |
| campo de control de longitud fija |
01079cam a22003131 4500 |
| 001 - NÚMERO DE CONTROL |
| campo de control |
000013045 |
| 003 - IDENTIFICADOR DEL NÚMERO DE CONTROL |
| campo de control |
DO-SdBNP |
| 005 - FECHA Y HORA DE LA ÚLTIMA TRANSACCIÓN |
| campo de control |
20220217112215.0 |
| 008 - DATOS DE LONGITUD FIJA--INFORMACIÓN GENERAL |
| campo de control de longitud fija |
781102s1970 ve b f000 0 spa |
| 010 ## - NÚMERO DE CONTROL DE LA BIBLIOTECA DEL CONGRESO |
| Número de control de LC |
78387470 |
| 040 ## - FUENTE DE LA CATALOGACIÓN |
| Centro catalogador/agencia de origen |
DO-SdBNP |
| Centro/agencia transcriptor |
DLC |
| Centro/agencia modificador |
DLC |
| 043 ## - CÓDIGO DE ÁREA GEOGRÁFICA |
| Código de área geográfica |
s-ve--- |
| 050 00 - SIGNATURA TOPOGRÁFICA DE LA BIBLIOTECA DEL CONGRESO |
| Número de clasificación |
KNW698 |
| Número de documento/Ítem |
.S26 1970 |
| 100 1# - ENTRADA PRINCIPAL--NOMBRE DE PERSONA |
| Nombre de persona |
Sanso, Benito. |
| 9 (RLIN) |
30152 |
| 245 13 - MENCIÓN DE TÍTULO |
| Título |
La revocacion en el derecho privado (con particular referencia a la revocacion de las disposiciones testamentarias) / |
| Mención de responsabilidad, etc. |
Benito Sanso. |
| 260 ## - PUBLICACIÓN, DISTRIBUCIÓN, ETC. |
| Lugar de publicación, distribución, etc. |
Caracas : |
| Nombre del editor, distribuidor, etc. |
Facultad de Derecho, Universidad Central de Venezuela, |
| Fecha de publicación, distribución, etc. |
1970. |
| 300 ## - DESCRIPCIÓN FÍSICA |
| Extensión |
165 p. ; |
| Dimensiones |
23 cm. |
| 490 0# - MENCIÓN DE SERIE |
| Mención de serie |
Coleccion Tesis doctorales ; no. 1 |
| 490 0# - MENCIÓN DE SERIE |
| Mención de serie |
Cursos de doctorado |
| 500 ## - NOTA GENERAL |
| Nota general |
Originally presented as the author's thesis, Universidad Central de Venezuela, 1969. |
| 504 ## - NOTA DE BIBLIOGRAFÍA, ETC. |
| Nota de bibliografía, etc. |
Bibliography: p. 159-165. |
| 650 #0 - PUNTO DE ACCESO ADICIONAL DE MATERIA--TÉRMINO DE MATERIA |
| Término de materia o nombre geográfico como elemento de entrada |
Revocation |
| Subdivisión geográfica |
Venezuela. |
| 9 (RLIN) |
30153 |
| 650 #0 - PUNTO DE ACCESO ADICIONAL DE MATERIA--TÉRMINO DE MATERIA |
| Término de materia o nombre geográfico como elemento de entrada |
Wills |
| Subdivisión geográfica |
Venezuela. |
| 9 (RLIN) |
30154 |
| 650 #0 - PUNTO DE ACCESO ADICIONAL DE MATERIA--TÉRMINO DE MATERIA |
| Término de materia o nombre geográfico como elemento de entrada |
Revocation. |
| 9 (RLIN) |
30155 |
| 650 #0 - PUNTO DE ACCESO ADICIONAL DE MATERIA--TÉRMINO DE MATERIA |
| Término de materia o nombre geográfico como elemento de entrada |
Wills. |
| 9 (RLIN) |
30156 |
| 910 ## - DATOS DE OPCIÓN DEL USUARIO (OCLC) |
| Datos de opción del usuario |
Catalogación por copia / LC |
| 910 ## - DATOS DE OPCIÓN DEL USUARIO (OCLC) |
| Datos de opción del usuario |
DC |
| 942 ## - ELEMENTOS DE PUNTO DE ACCESO ADICIONAL (KOHA) |
| Fuente del sistema de clasificación o colocación |
Dewey Decimal Classification |
| Tipo de ítem Koha |
Libro |